00979nam a2200229 a 450000100060000000300080000600500170001400800410003103500190007204000220009104100080011308200290012110000590015024502590020926000480046830000200051650500140053665000430055094200120059399900170060595201270062283171BD-RjUL20240228104024.0240228n1965uuuuii 000 0 ara d a(BD-RjUL)83171 aNNLbaracBD-RjUL aara 223a016.091297bSHM 1965 a شير، سيد أطهر ;; Sher, Syed Athar91194510aمفتاح الكنوز : فهرست مخطوطات عربي مكتبة خدا بخش الشرقية العامة ;; miftah alkunuz : faharasat makhtutat earabiun maktabatan khadana bikhash alsharqiat aleama / /cسيد اطهر شير ;;Syed Athar Sher  aپتنه :bدريونين پريس. c1965 a١ ج.جلد 3. aVol. 3.-- 4aManuscripts, OrientalvCatalogs911946 2ddccBK c83171d83171 00102ddc40718NFICaRUCLbRUCLcReadingd2024-02-28l0oA 016.091297 SHM 1965r2024-02-28 00:00:00tC-1w2024-02-28yBK